00534nam a2200145Ia 4500008004100000040001800041041000800059100003700067245008200104260006200186300001800248490005600266504002800322651003800350130821s1961 cl gr spa  aCo-BoUCMbspa00aspa2 aMontaner y Bello, Ricardod1868-10aHistoria diplomática de la independencia de ChilecRicardo Montaner y Bello aSantiago de Chile (Chile)bEditorial Andrés Belloc1961 a464 páginas 0aHistoria de las Relaciones Internacionales de Chile aIncluye bibliografía. 7aChilebRelaciones internacionales